000 00579nam a2200181 a 4500
001 000008905
005 20250204092150.0
008 090921s1976 dr 000 0 spa d
040 _aDO-SdBNP
082 _axxx
_bJ941a
100 1 _aJulia, Julio Jaime
_d1922-1993
_920185
245 1 0 _aAntología poética Duartista /
_cJulio Jaime Julia ; Mariano Lebrón Saviñon.
260 _aSanto Domingo :
_bTaller,
_c1976.
300 _a106 p. ;
_c22 cm.
500 _aIncluye notas al pie de las páginas
700 1 _aLebrón Saviñon, Mariano
_d1922-2014
_epról.
_97227
049 _aBNPD
999 _c8674
_d8674